Encyclopedia of economics

שמור ב:
מידע ביבליוגרפי
מחבר ראשי: Greenwald, Douglas
פורמט: ספר
שפה:Undetermined
יצא לאור: New York McGraw-Hill 1982
נושאים:
תגים: הוספת תג
אין תגיות, היה/י הראשונ/ה לתייג את הרשומה!
Thư viện lưu trữ: Trung tâm Học liệu Trường Đại học Cần Thơ
LEADER 00511nam a2200181Ia 4500
001 CTU_104593
008 210402s9999 xx 000 0 und d
082 |a 330.03 
082 |b G816 
100 |a Greenwald, Douglas 
245 0 |a Encyclopedia of economics 
245 0 |c Douglas Greenwald 
260 |a New York 
260 |b McGraw-Hill 
260 |c 1982 
650 |a Economics,Economics,Kinh tế học,Kinh tế học 
904 |i Hiếu 
980 |a Trung tâm Học liệu Trường Đại học Cần Thơ